=LDR 00000nam 2200000 4500 =001 INLIS000000000029025 =005 20130612131305 =008 ***********************************Ind** =035 ##$$0010-061300000029025 =041 ##$$a Ind =082 ##$$a 612.66 =090 ##$$a 612.66, Jul m =100 ##$$a Julius =245 ##$$a Melangkah ke alam kedewasaan, Julius =260 ##$$a 1977 $b Yogyakarta =300 ##$$a 52 hlm, ilus, 21 cm =850 ##$$a NBPNMAT